00457nam a2200181Ia 4500003000400000008004100004040001600045082001200061100001700073245005600090700002000146260004200166300000800208650002000216650001200236650001600248650001100264GCL140319s9999 xx 000 0 eng d aGCL / cGCL04a435bSP1 aTHIELE, PAUL10aLA PRATIQUE COURANTE DE L'ALLEMAND / cTHIELE, PAUL1 aSTRAUB, BERNARD a[S.N] : bLE LIVRE DE POCHE ، c1992 a25404aGERMAN LANGUAGE04aGRAMMAR04aLINGUISTICS04aGERMAN